| 000 | 00347nam a2200133Ia 4500 | ||
|---|---|---|---|
| 008 | 210312s9999||||xx |||||||||||||| ||und|| | ||
| 041 | _aosm | ||
| 050 | _aBP170 | ||
| 050 | _bA36.M33 | ||
| 100 | _aAhmed Midhat Efendi | ||
| 245 | 0 | _aMüdafa'aya mukabele ve mukabeleye müdafa'a | |
| 260 | _c1881 | ||
| 650 | _aDin--İslam--İlahiyat Çalışmaları | ||
| 999 |
_c21973 _d21973 |
||